000 00477nam a2200169Ia 4500
005 20250424120312.0
008 250424s9999 xx 000 0 und d
022 _a15964078
050 _aRA 552.N5 .N54/
245 0 _aNigerian journal of health sciences
260 _aIle-Ife, Nigeria
260 _bWolters kluwer
260 _c2015
300 _aii, 68 p. :ill. ; 28 cm.
650 _aPublic health--Nigeria--Periodicals. Medicine--Nigeria--Periodicals.
942 _cSR
999 _c38544
_d38544